Soft X-Ray Coherent Bremsstrahlung Induced by Hypersonic Waves; Charged and Neutral Particles Channeling Phenomena. Channeling 2014

Dades bibliogràfiques
Parent link:Charged and Neutral Particles Channeling Phenomena. Channeling 2014.— 2014.— [P. 76]
Autor principal: Mkrtchan (Mkrtchyan) A. R. Alpik Rafaelovich
Autor corporatiu: Национальный исследовательский Томский политехнический университет (ТПУ) Физико-технический институт (ФТИ) Кафедра прикладной физики (№ 12) (ПФ)
Altres autors: Saharian A. Aram
Sumari:Заглавие с экрана
Idioma:anglès
Publicat: 2014
Col·lecció:S1: Channeling & Radiations in Crystals / 126
Matèries:
Accés en línia:https://agenda.infn.it/event/7409/contributions/67532/
Format: MixedMaterials Electrònic Capítol de llibre
KOHA link:https://koha.lib.tpu.ru/cgi-bin/koha/opac-detail.pl?biblionumber=653505

MARC

LEADER 00000naa0a2200000 4500
001 653505
005 20250904090531.0
035 |a (RuTPU)RU\TPU\network\18977 
090 |a 653505 
100 |a 20170310d2014 k||y0rusy50 ca 
101 0 |a eng 
102 |a IT 
135 |a drcn ---uucaa 
181 0 |a i  
182 0 |a b 
200 1 |a Soft X-Ray Coherent Bremsstrahlung Induced by Hypersonic Waves  |f A. R. Mkrtchan (Mkrtchyan), A. Saharian 
203 |a Text  |c electronic 
225 1 |a S1: Channeling & Radiations in Crystals / 126 
300 |a Заглавие с экрана 
463 1 |t Charged and Neutral Particles Channeling Phenomena. Channeling 2014  |o Book of Abstracts of 6th International Conference, October 5-10, 2014, Capri-Naples, Italy  |v [P. 76]  |d 2014 
610 1 |a электронный ресурс 
610 1 |a труды учёных ТПУ 
700 1 |a Mkrtchan (Mkrtchyan)  |b A. R.  |c physicist  |c Professor of Tomsk Polytechnic University, Doctor of physical and mathematical sciences  |f 1937-  |g Alpik Rafaelovich  |3 (RuTPU)RU\TPU\pers\34236 
701 1 |a Saharian  |b A.  |g Aram 
712 0 2 |a Национальный исследовательский Томский политехнический университет (ТПУ)  |b Физико-технический институт (ФТИ)  |b Кафедра прикладной физики (№ 12) (ПФ)  |3 (RuTPU)RU\TPU\col\18729 
801 2 |a RU  |b 63413507  |c 20200316  |g RCR 
856 4 |u https://agenda.infn.it/event/7409/contributions/67532/ 
942 |c CF